| 000 | 00792nam a22002537a 4500 | ||
|---|---|---|---|
| 001 | 8224 | ||
| 003 | BD-RjUL | ||
| 005 | 20211208234539.0 | ||
| 008 | 161002r19651927-uk||||| |||| 00| 0 eng d | ||
| 035 | _a(BD-RjUL)8269 | ||
| 040 |
_aBD-RjUL _beng _cBD-RjUL _dBD-RjUL |
||
| 041 | _aeng | ||
| 082 | 0 | 4 |
_a526.8 _bJAE 1965 _223 |
| 100 | 1 |
_a Jameson, Alexander Hope _925611 |
|
| 245 | 1 | 0 |
_aElementary surveying and map projection / _c by A.H. Jameson and M.T.M. Ormsby. |
| 260 |
_aLondon : _bPitman & Sons, _c1965. |
||
| 300 | 2 |
_avi, 154 p. : _b ill. ; _c19 cm. |
|
| 505 | _av.1. Mathematical geography. | ||
| 650 | 0 |
_a Mathematical geography. _925612 |
|
| 650 | 0 |
_aSurveying. _91070 |
|
| 650 | 0 |
_a Map projection _925554 |
|
| 700 |
_a Ormsby,Michael Thomas Morley _925613 |
||
| 942 |
_2ddc _cBK |
||
| 999 |
_c8224 _d8224 |
||